[Event "16. Torneo Aficionados Benidorm s-2000"]
[Site "Benidorm ESP"]
[Date "2018.12.08"]
[Round "9.11"]
[White "Perez Gonzalez, Daniel"]
[Black "Denisik, Sergei"]
[Result "1-0"]
[WhiteElo "1933"]
[BlackElo "1890"]
[PlyCount "115"]
[EventDate "2017.12.01"]
[EventType "swiss"]
[EventRounds "10"]
[EventCountry "ESP"]
[SourceTitle "Ajedrez en Madrid"]
[Source "lmi"]
[SourceDate "2017.12.01"]
[SourceVersion "1"]
[SourceVersionDate "2018.01.25"]
[SourceQuality "1"]

1. d4 Nf6 2. Nc3 e6 3. e4 Bb4 4. e5 Nd5 5. Qg4 Nxc3 6. Qxg7 Ne4+ 7. c3 Rf8 8.
cxb4 Qe7 9. a3 f6 10. Qxe7+ Kxe7 11. f3 Ng5 12. exf6+ Kxf6 13. Bxg5+ Kxg5 14.
Bd3 Kh6 15. O-O-O Nc6 16. Ne2 d6 17. f4 Bd7 18. g4 Ne7 19. h4 Nd5 20. Rdf1 Ne3
21. Rfg1 Nd5 22. g5+ Kg7 23. h5 Nxf4 24. h6+ Kh8 25. Nxf4 Rxf4 26. g6 hxg6 27.
Rxg6 Rxd4 28. Bc2 Rc4 29. Rg7 Ba4 30. Rh7+ Kg8 31. Rg1+ Kf8 32. Rh8+ Ke7 33.
Rxa8 Rxc2+ 34. Kb1 Rh2 35. Rh8 e5 36. Ka2 Bc2 37. Rg7+ Ke6 38. Rxc7 Be4 39. h7
Kd5 40. Rxb7 Kd4 41. Rc7 Bd5+ 42. Kb1 Be4+ 43. Ka1 Rh1+ 44. Ka2 Bd5+ 45. b3
Rh2+ 46. Ka1 Be4 47. a4 Bd3 48. Rd8 Bxh7 49. Rxd6+ Ke3 50. Rxa7 Bd3 51. b5 Kd2
52. Rc7 e4 53. b6 e3 54. b7 e2 55. Re6 Rh1+ 56. Kb2 Rb1+ 57. Ka3 Ra1+ 58. Kb4
1-0

[Event "16. Torneo Aficionados Benidorm s-2000"]
[Site "Benidorm ESP"]
[Date "2017.12.09"]
[Round "10.1"]
[White "Fraga Pons, Albert Borja"]
[Black "Daugerts, Janis"]
[Result "1-0"]
[WhiteElo "1952"]
[BlackElo "1940"]
[PlyCount "85"]
[EventDate "2017.12.01"]
[EventType "swiss"]
[EventRounds "10"]
[EventCountry "ESP"]
[SourceTitle "Ajedrez en Madrid"]
[Source "lmi"]
[SourceDate "2017.12.01"]
[SourceVersion "1"]
[SourceVersionDate "2018.01.25"]
[SourceQuality "1"]

1. e4 c5 2. Nc3 d6 3. f4 Nf6 4. Nf3 e6 5. Bb5+ Bd7 6. Bxd7+ Nfxd7 7. O-O Be7 8.
d3 O-O 9. Ng5 Bxg5 10. fxg5 Nc6 11. Rf3 Nce5 12. Rh3 Re8 13. Be3 Nf8 14. Qh5
Rc8 15. Rf1 d5 16. Bc1 Neg6 17. exd5 exd5 18. Qf3 Ne5 19. Qxd5 Qxd5 20. Nxd5 c4
21. dxc4 Rxc4 22. c3 Re4 23. Nf4 Nfd7 24. Re3 Nc4 25. Rxe4 Rxe4 26. Rd1 Nce5
27. h3 Kf8 28. b3 Ke8 29. Kf1 Nc5 30. c4 a6 31. Re1 Rxe1+ 32. Kxe1 b5 33. cxb5
axb5 34. Ke2 g6 35. Bb2 Nc6 36. Ke3 Kd7 37. Nd5 Ke6 38. Nc7+ Kf5 39. Nxb5 Kxg5
40. Bc3 f5 41. Nd6 Ne6 42. b4 f4+ 43. Ke4 1-0

[Event "16. Torneo Aficionados Benidorm s-2000"]
[Site "Benidorm ESP"]
[Date "2017.12.09"]
[Round "10.2"]
[White "Buitron Ramil, David"]
[Black "Lerendegui Lasa, Odei"]
[Result "0-1"]
[WhiteElo "1974"]
[BlackElo "1975"]
[PlyCount "86"]
[EventDate "2017.12.01"]
[EventType "swiss"]
[EventRounds "10"]
[EventCountry "ESP"]
[SourceTitle "Ajedrez en Madrid"]
[Source "lmi"]
[SourceDate "2017.12.01"]
[SourceVersion "1"]
[SourceVersionDate "2018.01.25"]
[SourceQuality "1"]

1. e4 b6 2. d4 Bb7 3. Bd3 e6 4. Nf3 Nf6 5. Qe2 d5 6. e5 Ne4 7. Nbd2 Nxd2 8.
Bxd2 Be7 9. h4 h6 10. h5 c5 11. c3 Nc6 12. dxc5 bxc5 13. Rh3 Qb6 14. Be3 d4 15.
Bf4 O-O-O 16. a4 Na5 17. Rg3 Nb3 18. a5 Qc7 19. Ra4 Bg5 20. Nxg5 hxg5 21. Bxg5
Rd5 22. Bf4 Nc1 23. Bxc1 Rxe5 24. Be3 Rxe3 25. Rxe3 dxe3 26. Qxe3 Rxh5 27. Be4
Rh1+ 28. Ke2 Ba6+ 29. c4 f5 30. Bf3 Qd6 31. Qd3 Qe5+ 32. Kd2 Qxb2+ 33. Qc2 Qd4+
34. Qd3 Qxf2+ 35. Qe2 Qd4+ 36. Qd3 Qb2+ 37. Qc2 Qe5 38. Qd3 Qe1+ 39. Kc2 Qc1+
40. Kb3 Re1 41. Be2 Qf4 42. Ra2 Qb8+ 43. Kc2 Qb1+ 0-1

[Event "16. Torneo Aficionados Benidorm s-2000"]
[Site "Benidorm ESP"]
[Date "2017.12.09"]
[Round "10.3"]
[White "Ramon Gualberto, Arturo"]
[Black "Nazarov, Alexander"]
[Result "1-0"]
[WhiteElo "1960"]
[BlackElo "1931"]
[PlyCount "63"]
[EventDate "2017.12.01"]
[EventType "swiss"]
[EventRounds "10"]
[EventCountry "ESP"]
[SourceTitle "Ajedrez en Madrid"]
[Source "lmi"]
[SourceDate "2017.12.01"]
[SourceVersion "1"]
[SourceVersionDate "2018.01.25"]
[SourceQuality "1"]

1. d4 d6 2. c4 g6 3. Nc3 Bg7 4. e4 e5 5. Nf3 Nc6 6. d5 Nce7 7. Be2 f5 8. Ng5
Nf6 9. f3 h6 10. Ne6 Bxe6 11. dxe6 O-O 12. Be3 f4 13. Bf2 Nh7 14. Qb3 b6 15.
O-O-O Qc8 16. c5 bxc5 17. Nd5 Re8 18. Qa4 Nxd5 19. exd5 e4 20. Qxe4 Rb8 21. Rd2
Rb4 22. Qxg6 Qd8 23. Bd3 Nf6 24. Bh4 Rf8 25. Re1 Qe7 26. Bxf6 Rxf6 27. Qh7+ Kf8
28. Bg6 a5 29. Ree2 a4 30. Bf7 Rc4+ 31. Kb1 h5 32. Qg8# 1-0

[Event "16. Torneo Aficionados Benidorm s-2000"]
[Site "Benidorm ESP"]
[Date "2017.12.09"]
[Round "10.4"]
[White "Prats Alonso, Oscar"]
[Black "Estevez Jacome, Jose Ramon"]
[Result "1/2-1/2"]
[WhiteElo "1976"]
[BlackElo "1937"]
[PlyCount "81"]
[EventDate "2017.12.01"]
[EventType "swiss"]
[EventRounds "10"]
[EventCountry "ESP"]
[SourceTitle "Ajedrez en Madrid"]
[Source "lmi"]
[SourceDate "2017.12.01"]
[SourceVersion "1"]
[SourceVersionDate "2018.01.25"]
[SourceQuality "1"]

1. e4 c5 2. Nc3 e6 3. g3 Nc6 4. Bg2 g6 5. Nge2 Bg7 6. O-O Nge7 7. d3 O-O 8. Be3
Nd4 9. Qd2 Re8 10. f4 d5 11. Nd1 b6 12. c3 Ndc6 13. Rc1 dxe4 14. dxe4 Ba6 15.
Re1 Qxd2 16. Bxd2 Rad8 17. Be3 Rd3 18. Kf2 Red8 19. Kf3 f5 20. Kf2 e5 21. b3
R3d6 22. a3 Bd3 23. exf5 Nxf5 24. Nb2 e4 25. Red1 Nce7 26. Nxd3 exd3 27. Ng1 d2
28. Rc2 Nxe3 29. Kxe3 Nf5+ 30. Kf2 Rd3 31. Be4 Rxc3 32. Bxf5 Bd4+ 33. Ke2 Re3+
34. Kf1 gxf5 35. Rcxd2 Rxb3 36. Rd3 Rb2 37. Ne2 Re8 38. Nxd4 cxd4 39. Rxd4 Ree2
40. Rd8+ Kg7 41. R1d6 1/2-1/2

[Event "16. Torneo Aficionados Benidorm s-2000"]
[Site "Benidorm ESP"]
[Date "2017.12.09"]
[Round "10.5"]
[White "Esquerdo Nogueroles, Gaspar"]
[Black "Castrillon Otero, Javier"]
[Result "1-0"]
[WhiteElo "1933"]
[BlackElo "1992"]
[PlyCount "71"]
[EventDate "2017.12.01"]
[EventType "swiss"]
[EventRounds "10"]
[EventCountry "ESP"]
[SourceTitle "Ajedrez en Madrid"]
[Source "lmi"]
[SourceDate "2017.12.01"]
[SourceVersion "1"]
[SourceVersionDate "2018.01.25"]
[SourceQuality "1"]

1. f4 d5 2. e3 c5 3. Nf3 Nc6 4. Bb5 Bd7 5. a4 Nf6 6. O-O e6 7. Bxc6 Bxc6 8. Ne5
Rc8 9. b3 Bd6 10. Nxc6 Rxc6 11. Bb2 O-O 12. Qf3 Qe7 13. Qg3 Re8 14. Nc3 e5 15.
Rae1 a6 16. d3 Qc7 17. Qf3 d4 18. Ne4 Nxe4 19. Qxe4 Re7 20. Qf3 dxe3 21. Qg4 f6
22. Rf3 exf4 23. Bxf6 Rf7 24. Bb2 h6 25. g3 fxg3 26. Rexe3 gxh2+ 27. Kh1 Rxf3
28. Rxf3 Be5 29. Qc4+ Kh7 30. Qe4+ Kg8 31. Bxe5 Qe7 32. Qd5+ Re6 33. c3 Kh8 34.
d4 Rg6 35. Rf7 Qg5 36. Rf8+ 1-0

[Event "16. Torneo Aficionados Benidorm s-2000"]
[Site "Benidorm ESP"]
[Date "2017.12.09"]
[Round "10.6"]
[White "Anguix Gomez, Exuperio"]
[Black "Perez Gonzalez, Daniel"]
[Result "1/2-1/2"]
[WhiteElo "1872"]
[BlackElo "1933"]
[PlyCount "79"]
[EventDate "2017.12.01"]
[EventType "swiss"]
[EventRounds "10"]
[EventCountry "ESP"]
[SourceTitle "Ajedrez en Madrid"]
[Source "lmi"]
[SourceDate "2017.12.01"]
[SourceVersion "1"]
[SourceVersionDate "2018.01.25"]
[SourceQuality "1"]

1. Nf3 Nf6 2. d4 g6 3. g3 Bg7 4. Bg2 O-O 5. O-O d6 6. b3 Nbd7 7. Bb2 e5 8. dxe5
Ng4 9. c4 Ngxe5 10. Nxe5 Nxe5 11. Nc3 Re8 12. Qd2 Rb8 13. Nb5 a6 14. Nd4 Qe7
15. Rad1 Nd7 16. Rfe1 Nc5 17. e4 Bg4 18. f3 Bd7 19. Bc3 b5 20. cxb5 axb5 21.
Ne2 Bxc3 22. Nxc3 Bc6 23. Bf1 Qf6 24. Kg2 b4 25. Nd5 Bxd5 26. Qxd5 Ra8 27. Rd2
Ra5 28. Rde2 Qe6 29. Qd4 Rea8 30. e5 Rxa2 31. exd6 cxd6 32. Kg1 Rxe2 33. Rxe2
Qxb3 34. Qxd6 Ne6 35. Qc6 Ra3 36. f4 Kg7 37. Qd6 Qc3 38. Rxe6 fxe6 39. Qe7+ Kg8
40. Qe8+ 1/2-1/2

[Event "16. Torneo Aficionados Benidorm s-2000"]
[Site "Benidorm ESP"]
[Date "2017.12.09"]
[Round "10.7"]
[White "Clot Chico, Arnau"]
[Black "Juez Villar, Erik"]
[Result "1-0"]
[WhiteElo "1905"]
[BlackElo "1985"]
[PlyCount "68"]
[EventDate "2017.12.01"]
[EventType "swiss"]
[EventRounds "10"]
[EventCountry "ESP"]
[SourceTitle "Ajedrez en Madrid"]
[Source "lmi"]
[SourceDate "2017.12.01"]
[SourceVersion "1"]
[SourceVersionDate "2018.01.25"]
[SourceQuality "1"]

1. e4 c6 2. d4 d5 3. Nc3 dxe4 4. Nxe4 Bf5 5. Ng3 Bg6 6. Nf3 Nf6 7. h4 h6 8. h5
Bh7 9. Bd3 Bxd3 10. Qxd3 e6 11. Bd2 Be7 12. O-O-O O-O 13. Kb1 c5 14. Ne4 c4 15.
Nxf6+ Bxf6 16. Qxc4 Na6 17. Qe2 Qb6 18. g4 Nc5 19. g5 hxg5 20. Bc1 Na4 21. Qc4
Qa5 22. Bd2 Nb6 23. Qe2 Qf5 24. Rhg1 g4 25. Ne5 Rac8 26. Rc1 Bxe5 27. dxe5 Rc4
28. f4 gxf3 29. Qh2 Rfc8 30. Qg3 Kf8 31. Qxg7+ Ke8 32. Bh6 Rxc2 33. Qf8+ Kd7
34. Qd6+ Ke8 1-0

[Event "16. Torneo Aficionados Benidorm s-2000"]
[Site "Benidorm ESP"]
[Date "2017.12.09"]
[Round "10.8"]
[White "Gil Vega, Marcel"]
[Black "Hall, Rachid"]
[Result "1-0"]
[WhiteElo "1978"]
[BlackElo "1926"]
[PlyCount "105"]
[EventDate "2017.12.01"]
[EventType "swiss"]
[EventRounds "10"]
[EventCountry "ESP"]
[SourceTitle "Ajedrez en Madrid"]
[Source "lmi"]
[SourceDate "2017.12.01"]
[SourceVersion "1"]
[SourceVersionDate "2018.01.25"]
[SourceQuality "1"]

1. d4 Nf6 2. Nf3 c5 3. c4 Qb6 4. d5 e6 5. Nc3 d6 6. e4 e5 7. Be2 Be7 8. h3 Nbd7
9. O-O Nf8 10. Rb1 Ng6 11. Be3 Qa5 12. Qc2 Bd7 13. a3 Qc7 14. Rfc1 O-O 15. b4
cxb4 16. axb4 Nh5 17. c5 Nhf4 18. Bf1 Rac8 19. c6 bxc6 20. Nb5 Qb7 21. Nxa7
cxd5 22. Nxc8 Rxc8 23. Qd1 dxe4 24. Rxc8+ Bxc8 25. Nd2 d5 26. Bc5 d4 27. Bxe7
Nxe7 28. Nc4 Qb8 29. Qa4 Bf5 30. Nd6 Bg6 31. Qd7 e3 32. Rc1 Qf8 33. fxe3 dxe3
34. g3 e2 35. gxf4 exf1=Q+ 36. Rxf1 exf4 37. Re1 Qb8 38. Qc8+ Qxc8 39. Nxc8 Kf8
40. Nxe7 Bd3 41. Nd5 g5 42. Kf2 h6 43. h4 Kg7 44. hxg5 hxg5 45. Kf3 Bc4 46. Nc7
Kf6 47. Rc1 Bb3 48. b5 Kf5 49. Rc5+ Kf6 50. b6 Bd1+ 51. Kf2 g4 52. Nd5+ Ke5 53.
Nc3+ 1-0

[Event "16. Torneo Aficionados Benidorm s-2000"]
[Site "Benidorm ESP"]
[Date "2017.12.09"]
[Round "10.9"]
[White "Pellicer Cemeli, Jose Luis"]
[Black "Cuellar Gutierrez, Raul"]
[Result "1/2-1/2"]
[WhiteElo "1970"]
[BlackElo "1923"]
[PlyCount "66"]
[EventDate "2017.12.01"]
[EventType "swiss"]
[EventRounds "10"]
[EventCountry "ESP"]
[SourceTitle "Ajedrez en Madrid"]
[Source "lmi"]
[SourceDate "2017.12.01"]
[SourceVersion "1"]
[SourceVersionDate "2018.01.25"]
[SourceQuality "1"]

1. d4 Nf6 2. c4 g6 3. Nc3 d5 4. g3 Bg7 5. Bg2 dxc4 6. Qa4+ Nbd7 7. Qxc4 O-O 8.
Nf3 c6 9. O-O Nb6 10. Qb3 Be6 11. Qc2 Qc8 12. Ng5 Bg4 13. e3 h6 14. Nge4 Bh3
15. Nxf6+ Bxf6 16. Ne4 Bg7 17. Bxh3 Qxh3 18. Nc5 Qc8 19. Bd2 Nd5 20. Rac1 e6
21. Rfd1 Re8 22. Ne4 Qc7 23. Qa4 e5 24. dxe5 Bxe5 25. Nc3 Nxc3 26. Bxc3 a6 27.
Rd3 Rad8 28. Rxd8 Qxd8 29. Rd1 Qe7 30. Bxe5 Qxe5 31. Qb3 Qc7 32. Qd3 Re7 33.
Qd4 Kh7 1/2-1/2

[Event "16. Torneo Aficionados Benidorm s-2000"]
[Site "Benidorm ESP"]
[Date "2017.12.09"]
[Round "10.10"]
[White "Lisarri Tomas, Antonio"]
[Black "Mendez Martinez, Jose Manuel"]
[Result "1-0"]
[WhiteElo "1959"]
[BlackElo "1920"]
[PlyCount "45"]
[EventDate "2017.12.01"]
[EventType "swiss"]
[EventRounds "10"]
[EventCountry "ESP"]
[SourceTitle "Ajedrez en Madrid"]
[Source "lmi"]
[SourceDate "2017.12.01"]
[SourceVersion "1"]
[SourceVersionDate "2018.01.25"]
[SourceQuality "1"]

1. c4 d6 2. d4 e5 3. e3 Be7 4. Nc3 c6 5. Nf3 Nd7 6. Bd3 Ngf6 7. O-O O-O 8. Qc2
h6 9. b3 Re8 10. Bb2 Bf8 11. Rad1 Qe7 12. dxe5 Nxe5 13. Nxe5 dxe5 14. Ne4 Nxe4
15. Bxe4 Qg5 16. f4 exf4 17. exf4 Qh4 18. Rde1 Bc5+ 19. Kh1 Bf5 20. Qc3 Bf8 21.
Bxf5 Rxe1 22. Qxe1 Qd8 23. Bb1 1-0

[Event "16. Torneo Aficionados Benidorm s-2000"]
[Site "Benidorm ESP"]
[Date "2017.12.09"]
[Round "10.11"]
[White "Perez Garcia, Jose Miguel"]
[Black "Vallbona Domingo, Joan"]
[Result "1-0"]
[WhiteElo "1959"]
[BlackElo "1918"]
[PlyCount "77"]
[EventDate "2017.12.01"]
[EventType "swiss"]
[EventRounds "10"]
[EventCountry "ESP"]
[SourceTitle "Ajedrez en Madrid"]
[Source "lmi"]
[SourceDate "2017.12.01"]
[SourceVersion "1"]
[SourceVersionDate "2018.01.25"]
[SourceQuality "1"]

1. Nf3 c5 2. c4 Nc6 3. Nc3 g6 4. g3 Bg7 5. Bg2 d6 6. O-O Nh6 7. b3 O-O 8. Bb2
Rb8 9. e3 Nf5 10. Na4 e5 11. d3 a6 12. Ne1 Nfe7 13. Nc2 Bf5 14. g4 Bd7 15. Nc3
f5 16. g5 Kh8 17. f4 Be8 18. Nd5 Bf7 19. Nxe7 Nxe7 20. d4 cxd4 21. fxe5 dxe5
22. exd4 exd4 23. Bxd4 Bxd4+ 24. Qxd4+ Qxd4+ 25. Nxd4 Rfd8 26. Rad1 Rd7 27. Nf3
Rc7 28. Ne5 Bg8 29. Rfe1 Rbc8 30. Nd7 Nc6 31. Bxc6 Rxc6 32. Nf6 h6 33. h4 Re6
34. Rxe6 Bxe6 35. Rd6 Bf7 36. gxh6 Be8 37. Re6 Bf7 38. Re7 Rf8 39. Nd7 1-0